000 00474nam a22001817a 4500
003 MPLRDC
005 20220104114205.0
008 210129b ||||| |||| 00| 0 eng d
020 _a7-5340-0197-8
082 _a857.457 YWG v.1
100 _a艺文阁编文
245 _a清宫三百年. 上集
_c曾成金等绘画
250 _a一版一刷
260 _a
_b浙江人民美术出版社
_c1990
300 _b
650 _a历史小说
942 _cBK
_o857.457 YWG v.1
999 _c5539
_d5529